000 02680cam a22005294i 4500
003 PE-LiUPU
005 20250731165648.0
008 150616s r 000 0 d
020 _a8425407575
035 _a(Sirsi) i9788425407574
040 _aPE-LiUPU
_bspa
_cPE-LiUPU
_erda
049 _aPRUA
082 0 4 _a282.09
_bH41
_221
100 1 _aHertling, Ludwig,
_eautor.
245 1 0 _aHistoria de la Iglesia /
_cLudwig Hertling.
264 1 _aBarcelona :
_bEditorial Herder,
_c1979.
300 _a574 páginas ;
_c21 centímetros
336 _atext
_2rdacontent
337 _aunmediated
_2rdamedia
338 _avolume
_2rdacarrier
505 0 _aLa fundación de la Iglesia y su desarrollo en los tres primeros siglos -- La vida eclesiásticca en la antigüedad -- Las persecuciones -- La época de los grandes padres de la iglesia y los comienzos del monacato -- Superación de la barbarie -- La vida eclesiástica en la edad media -- El cautiverio de Aviñon y el gran cisma -- Epoca del humanismo y del renacimiento -- La reforma, Martín Lutero y la apostasía de Alemania -- La época del barroco en Europa -- Los primeros pasos de la iglesia en América -- El siglo XX -- Los tiempos actuales y los países de Misión.
526 _aSEG44
526 _aSEG26
526 _aP151
526 _aP150
526 _aP149
526 _aP146
526 _aP145
526 _aP126
526 _aP125
526 _aP92
526 _aP75
526 _aP74
526 _aP27
526 _aP15
610 2 _aIglesia Católica
_xHistoria.
910 _ajck
_bjvq
_cjck
942 _2ddc
_cBOOK
949 _aRC 282.09 H41
_wDEWEY
_c1
_i20775
_lCCODEBUL1
_mBUL
_r0
_sY
_tBOOK
_u2015-6-16
_xTEOLOGIA
_zUNKNOWN
_0COMPRA
_o.CIRCNOTE. No olvidar cambiar la fecha de devolución!!!!!!!
_o.STAFF. Colección General
949 _aRC 282.09 H41
_wDEWEY
_c2
_i21636
_d2015-10-15
_lCCODEBUL1
_mBUL
_q1
_r0
_sY
_tBOOK
_u2015-6-16
_xTEOLOGIA
_zUNKNOWN
_0COMPRA
_o.CIRCNOTE. No olvidar cambiar la fecha de devolución!!!!!!!
_o.STAFF. Colección General
994 _aC0
_bPEPRU
596 _a1
999 _aRC 282.09 H41
_wDEWEY
_c60642
_i20775
_d60642
_f2021-11-8
_g6
_lCCODEBUL1
_mBUL
_q5
_r1
_sY
_tBOOK
_u2015-6-16
_xTEOLOGIA
_zUNKNOWN
_0COMPRA
_o.CIRCNOTE. No olvidar cambiar la fecha de devolución!!!!!!!
_o.STAFF. Colección General
999 _aRC 282.09 H41
_wDEWEY
_c2
_i21636
_d2018-10-11
_f2021-11-8
_g6
_lCCODEBUL1
_mBUL
_q3
_r1
_sY
_tBOOK
_u2015-6-16
_xTEOLOGIA
_zUNKNOWN
_0COMPRA
_o.CIRCNOTE. No olvidar cambiar la fecha de devolución!!!!!!!
_o.STAFF. Colección General
980 _81
_gALBERTO SANCHEZ Responsable de Automatización